[Event "European Blitz Championship 2021"]
[Site "Katowice"]
[Date "2021.12.17"]
[Round "21.24"]
[White "Sanz Wawer, Daniel"]
[Black "Sowinski, Pawel"]
[Result "1-0"]
[WhiteElo "2102"]
[BlackElo "1548"]
[Annotator "NA"]
[PlyCount "138"]
[EventDate "2021.12.17"]
[EventType "swiss"]
[EventCountry "POL"]
[SourceTitle "playchess.com"]
[Source "ChessBase"]
[SourceQuality "1"]

1. e4 e5 2. Nf3 Nc6 3. Bb5 Nf6 4. d3 d6 5. O-O Be7 6. Nc3 O-O 7. h3 h6 8. Re1
Nh7 9. d4 exd4 10. Nxd4 Nxd4 11. Qxd4 Bf6 12. Qd3 a6 13. Ba4 c5 14. Bb3 b5 15.
Bd5 Ra7 16. Bf4 Bd4 17. Nd1 Nf6 18. c3 Be5 19. Bxe5 dxe5 20. Ne3 Be6 21. Rad1
Rd7 22. c4 Qb6 23. Qc2 Rfd8 24. b3 b4 25. Rd3 a5 26. Red1 Bxd5 27. Nxd5 Nxd5
28. cxd5 Rd6 29. Qb2 Re8 30. Rc1 Rdd8 31. Rc4 Qd6 32. Qe2 Rc8 33. Rd1 Rf8 34.
Rdc1 f5 35. f3 fxe4 36. fxe4 Rf4 37. g3 Rf7 38. Qe3 Rfc7 39. Kg2 Kh8 40. Rf1 a4
41. Rf5 axb3 42. axb3 Ra7 43. Rc2 Ra3 44. Qd3 c4 45. Rxc4 Rxc4 46. Qxc4 Ra2+
47. Rf2 Rxf2+ 48. Kxf2 Qb6+ 49. Kf3 Qf6+ 50. Kg2 Qb6 51. Qc8+ Kh7 52. Qf5+ Kh8
53. Qxe5 Qe3 54. Qb8+ Kh7 55. Qf4 Qxb3 56. Qd2 Qc4 57. Kf3 b3 58. d6 Qc2 59.
Qxc2 bxc2 60. d7 c1=Q 61. d8=Q Qf1+ 62. Kg4 Qe2+ 63. Kf5 Qf3+ 64. Ke5 Qxg3+ 65.
Ke6 Qxh3+ 66. Kf7 Qf3+ 67. Ke7 Qxe4+ 68. Kf7 Qf5+ 69. Ke7 Qf6+ 1-0

[Event "European Blitz Championship 2021"]
[Site "Katowice"]
[Date "2021.12.17"]
[Round "21.24"]
[White "Koziorowicz, Michal"]
[Black "Ortega Ruiz, Jose Miguel"]
[Result "1-0"]
[WhiteElo "2094"]
[BlackElo "2317"]
[Annotator "NA"]
[PlyCount "144"]
[EventDate "2021.12.17"]
[EventType "swiss"]
[EventCountry "POL"]
[SourceTitle "playchess.com"]
[Source "ChessBase"]
[SourceQuality "1"]

1. e4 d5 2. exd5 Qxd5 3. Nf3 Nf6 4. Nc3 Qa5 5. Be2 c6 6. O-O Bf5 7. Re1 e6 8.
d3 Qc7 9. Bg5 Nbd7 10. Qd2 Bd6 11. Bh4 O-O 12. Bg3 Bxg3 13. hxg3 Bg4 14. Qg5 h6
15. Qh4 Qb6 16. Rab1 Rfd8 17. Ne4 Nxe4 18. dxe4 Bxf3 19. gxf3 Nf8 20. Bd3 Ng6
21. Qh5 e5 22. Kg2 Rd6 23. Rh1 Rad8 24. b3 Qc7 25. a4 Qe7 26. Bc4 Qf6 27. Bd3
Nf8 28. Qg4 Ne6 29. Rh5 Nd4 30. f4 Re8 31. fxe5 Rxe5 32. Rxe5 Qxe5 33. f4 Qe6
34. Qxe6 Nxe6 35. Kf3 Kf8 36. Ke3 Ke7 37. Bc4 Nc5 38. e5 Rd8 39. a5 b6 40. axb6
axb6 41. Ra1 b5 42. Be2 Rd7 43. Bf3 Rc7 44. Ra8 Ne6 45. Rg8 g6 46. b4 c5 47.
bxc5 Rxc5 48. Kd3 b4 49. Rb8 Rc3+ 50. Ke4 Nc5+ 51. Kd5 Nd7 52. Rxb4 Rxf3 53. c4
Rd3+ 54. Kc6 Rxg3 55. Rb7 Rd3 56. c5 Ke6 57. Ra7 Rc3 58. Ra6 Nxc5 59. Ra8 Kf5
60. Rf8 Ke6 61. Re8+ Kf5 62. Rf8 Kxf4 63. Kd5 Rd3+ 64. Kxc5 Kxe5 65. Rxf7 h5
66. Kc4 Rd8 67. Kc3 h4 68. Kc2 g5 69. Ra7 h3 70. Ra5+ Rd5 71. Ra3 g4 72. Rg3
Kf4 1-0

[Event "European Blitz Championship 2021"]
[Site "Katowice"]
[Date "2021.12.17"]
[Round "21.25"]
[White "Semjonovs, Ilja"]
[Black "Gradalski, Olaf"]
[Result "1-0"]
[WhiteElo "2095"]
[BlackElo "1728"]
[Annotator "NA"]
[PlyCount "121"]
[EventDate "2021.12.17"]
[EventType "swiss"]
[EventCountry "POL"]
[SourceTitle "playchess.com"]
[Source "ChessBase"]
[SourceQuality "1"]

1. d4 Nf6 2. Nf3 c5 3. c3 e6 4. Bg5 Be7 5. e3 O-O 6. Bd3 d5 7. Nbd2 Nc6 8. Bxf6
Bxf6 9. O-O cxd4 10. exd4 e5 11. dxe5 Nxe5 12. Nxe5 Bxe5 13. Bxh7+ Kxh7 14.
Qh5+ Kg8 15. Qxe5 Re8 16. Qd4 Bf5 17. Rfe1 b6 18. h3 Qd7 19. Nf3 Be4 20. Nd2
Bf5 21. Rad1 Bc2 22. Rc1 Bf5 23. Nf1 Re6 24. Rxe6 Bxe6 25. Ne3 Rc8 26. Rd1 Qb5
27. Rd2 Qa5 28. Nxd5 Qc5 29. a3 Bxd5 30. Qxd5 Qxd5 31. Rxd5 Re8 32. Kf1 Re7 33.
Rd3 f6 34. Re3 Rd7 35. Ke2 Kf7 36. c4 Rd4 37. b3 a5 38. Rd3 Re4+ 39. Kf3 Re6
40. Rd5 Ke7 41. g4 Re1 42. Rb5 Re6 43. h4 Kd7 44. Rd5+ Kc6 45. Rd3 Re1 46. g5
Rh1 47. Kg4 fxg5 48. hxg5 Kc5 49. Kf5 Rh2 50. f4 a4 51. bxa4 Kxc4 52. Rd7 Kb3
53. Rxg7 Kxa4 54. Rb7 b5 55. g6 Rh5+ 56. Kf6 Rh4 57. f5 Rc4 58. g7 Rc6+ 59. Kg5
Rc8 60. f6 b4 61. Rxb4+ 1-0

[Event "European Blitz Championship 2021"]
[Site "Katowice"]
[Date "2021.12.17"]
[Round "21.25"]
[White "Karolczuk, Iwo"]
[Black "Gerasimenyk, Mikhail"]
[Result "1-0"]
[WhiteElo "2093"]
[BlackElo "2258"]
[Annotator "NA"]
[PlyCount "47"]
[EventDate "2021.12.17"]
[EventType "swiss"]
[EventCountry "POL"]
[SourceTitle "playchess.com"]
[Source "ChessBase"]
[SourceQuality "1"]

1. d4 Nf6 2. Nf3 d6 3. c4 g6 4. g3 Bg7 5. Bg2 c6 6. O-O h5 7. Nc3 Bg4 8. Bg5
Qc8 9. e4 h4 10. Bxh4 Rxh4 11. gxh4 Nh5 12. Qd2 Nd7 13. Rfe1 Nf8 14. e5 Bxf3
15. Bxf3 Qh3 16. Bxh5 gxh5 17. Qg5 Ng6 18. exd6 O-O-O 19. dxe7 Re8 20. Qg3 Qd7
21. Ne4 Rxe7 22. Nd6+ Kd8 23. Nxf7+ Rxf7 24. Qb8+ 1-0

[Event "European Blitz Championship 2021"]
[Site "Katowice"]
[Date "2021.12.17"]
[Round "21.26"]
[White "Kubicka, Anna"]
[Black "Golubovskis, Maksims"]
[Result "1-0"]
[WhiteElo "2273"]
[BlackElo "2088"]
[Annotator "NA"]
[PlyCount "80"]
[EventDate "2021.12.17"]
[EventType "swiss"]
[EventCountry "POL"]
[SourceTitle "playchess.com"]
[Source "ChessBase"]
[SourceQuality "1"]

1. e4 g6 2. d4 Bg7 3. Nc3 d6 4. Be3 Nd7 5. Qd2 Ngf6 6. f3 c6 7. h4 Qc7 8. g4 b5
9. h5 b4 10. Nce2 c5 11. h6 Bf8 12. c3 bxc3 13. Nxc3 a6 14. Nge2 Bb7 15. d5 Ne5
16. Ng1 e6 17. b3 exd5 18. exd5 O-O-O 19. O-O-O Kb8 20. Kb1 Be7 21. Be2 Rc8 22.
Rh2 c4 23. b4 Nd3 24. Bd4 Nxb4 25. Ka1 Nbxd5 26. g5 Nxc3 27. gxf6 Nxd1 28. Qxd1
Bd8 29. Qc2 Re8 30. Nh3 d5 31. Rh1 Ka8 32. Rb1 Re6 33. Ng5 Rxf6 34. Nxh7 Rf4
35. Bb2 d4 36. Qa4 c3 37. Ba3 d3 38. Qd1 c2 39. Qc1 cxb1=Q+ 40. Qxb1 dxe2 1-0

[Event "European Blitz Championship 2021"]
[Site "Katowice"]
[Date "2021.12.17"]
[Round "21.26"]
[White "Janeczko, Jakub"]
[Black "Donchenko, Alexander"]
[Result "0-1"]
[WhiteElo "2091"]
[BlackElo "2645"]
[Annotator "RC"]
[PlyCount "60"]
[EventDate "2021.12.17"]
[EventType "swiss"]
[EventCountry "POL"]
[SourceTitle "playchess.com"]
[Source "ChessBase"]
[SourceQuality "1"]

1. e4 g6 2. h4 Nf6 3. e5 Nh5 4. d4 d6 5. Be2 dxe5 6. dxe5 Qxd1+ 7. Bxd1 Nc6 8.
Bxh5 gxh5 9. Bf4 Rg8 10. Bg3 Bf5 11. Na3 O-O-O 12. Nf3 e6 13. O-O Bxa3 14. bxa3
Bxc2 15. Ng5 Bg6 16. f4 Nd4 17. Bf2 Ne2+ 18. Kh2 Nxf4 19. Bxa7 Nd3 20. Nxf7
Bxf7 21. Rxf7 b6 22. Rb1 Nxe5 23. Rxh7 Rd7 24. Rxh5 Ng4+ 25. Kg1 Kb7 26. Ra5
Rd2 27. Bxb6 cxb6 28. Rab5 Rd6 29. a4 Ka6 30. a5 bxa5 0-1

[Event "European Blitz Championship 2021"]
[Site "Katowice"]
[Date "2021.12.17"]
[Round "21.27"]
[White "Snihur, Piotr"]
[Black "Blohberger, Felix"]
[Result "1/2-1/2"]
[WhiteElo "2237"]
[BlackElo "2490"]
[Annotator "ChessBase"]
[PlyCount "44"]
[EventDate "2021.12.17"]
[EventType "swiss"]
[EventCountry "POL"]
[SourceTitle "playchess.com"]
[Source "ChessBase"]
[SourceQuality "1"]

1. e4 c5 2. Nf3 d6 3. Bb5+ Bd7 4. Bxd7+ Nxd7 5. c4 Ngf6 6. Nc3 e6 7. O-O Ne5 8.
d3 Be7 9. a3 O-O 10. Re1 Nfd7 11. b4 Bf6 12. Bb2 Nxf3+ 13. Qxf3 Bd4 14. Qe2 Ne5
15. Red1 Qf6 16. Ra2 Rfd8 17. Nb5 Bxb2 18. Rxb2 a6 19. Nc3 Nxc4 20. dxc4 Qxc3
21. bxc5 dxc5 22. Rxb7 Qxa3 1/2-1/2

[Event "European Blitz Championship 2021"]
[Site "Katowice"]
[Date "2021.12.17"]
[Round "21.27"]
[White "Posluszny, Tomasz"]
[Black "Luberanski, Jakub"]
[Result "0-1"]
[WhiteElo "1803"]
[BlackElo "2072"]
[Annotator "NA"]
[PlyCount "62"]
[EventDate "2021.12.17"]
[EventType "swiss"]
[EventCountry "POL"]
[SourceTitle "playchess.com"]
[Source "ChessBase"]
[SourceQuality "1"]

1. d4 Nf6 2. c4 g6 3. Nc3 d5 4. Nf3 Bg7 5. cxd5 Nxd5 6. Bg5 Nxc3 7. bxc3 O-O 8.
e3 c5 9. Be2 Nc6 10. O-O h6 11. Bh4 cxd4 12. cxd4 Qd5 13. Qa4 e5 14. dxe5 Nxe5
15. Rad1 Qc6 16. Qa3 Nc4 17. Bxc4 Qxc4 18. Rc1 Qe4 19. Bg3 Be6 20. Nd2 Qd5 21.
Nb3 Rfd8 22. Qb4 b6 23. h3 Rac8 24. Kh2 Rc4 25. Qa3 a5 26. Rxc4 Qxc4 27. Rc1
Qd5 28. Qa4 Kh7 29. e4 Qd3 30. e5 h5 31. Qf4 Bh6 0-1

[Event "European Blitz Championship 2021"]
[Site "Katowice"]
[Date "2021.12.17"]
[Round "21.28"]
[White "Bauer, Thomas"]
[Black "Kjartansson, Gudmundur"]
[Result "1-0"]
[WhiteElo "2204"]
[BlackElo "2382"]
[Annotator "NA"]
[PlyCount "61"]
[EventDate "2021.12.17"]
[EventType "swiss"]
[EventCountry "POL"]
[SourceTitle "playchess.com"]
[Source "ChessBase"]
[SourceQuality "1"]

1. e4 c6 2. Nc3 d5 3. Qe2 d4 4. Nd1 c5 5. f4 Nc6 6. Nf3 g6 7. g3 Bg7 8. Bg2 Nf6
9. d3 O-O 10. O-O b5 11. Nf2 Qb6 12. Nh4 Bb7 13. e5 Ne8 14. Ne4 Nb4 15. Rf2 f5
16. exf6 exf6 17. Nxc5 Bxg2 18. Nd7 Qc6 19. Nxf8 Bd5 20. Nfxg6 hxg6 21. Nxg6
Qe6 22. Qd2 Nc6 23. f5 Qd7 24. Qd1 Ne5 25. Qh5 Nxg6 26. fxg6 Kf8 27. Bh6 Bg8
28. Raf1 Qc6 29. Qe5 Rd8 30. Rxf6+ Nxf6 31. Rxf6+ 1-0

[Event "European Blitz Championship 2021"]
[Site "Katowice"]
[Date "2021.12.17"]
[Round "21.28"]
[White "Praczukowski, Stanislaw"]
[Black "Cieslak, Patryk"]
[Result "1/2-1/2"]
[WhiteElo "2069"]
[BlackElo "1387"]
[Annotator "NA"]
[PlyCount "142"]
[EventDate "2021.12.17"]
[EventType "swiss"]
[EventCountry "POL"]
[SourceTitle "playchess.com"]
[Source "ChessBase"]
[SourceQuality "1"]

1. e4 e6 2. d4 d5 3. Nc3 Nf6 4. e5 Nfd7 5. f4 c5 6. Nf3 Nc6 7. Be3 Be7 8. Qd2
O-O 9. dxc5 Qa5 10. Bd3 Bxc5 11. Bxc5 Nxc5 12. Ne2 Qxd2+ 13. Kxd2 b6 14. Ned4
Nxd4 15. Nxd4 Ba6 16. b4 Bxd3 17. cxd3 Nd7 18. Rhc1 Rfc8 19. a3 Kf8 20. Nb5 a5
21. Nd6 Rxc1 22. Rxc1 axb4 23. axb4 f6 24. Rc7 Ke7 25. Nc8+ Kd8 26. Rxd7+ Kxc8
27. Rxg7 Ra2+ 28. Ke3 fxe5 29. fxe5 Rb2 30. h3 h5 31. Rg5 Kd7 32. Rxh5 Rxg2 33.
b5 Rb2 34. Rh7+ Ke8 35. h4 Rxb5 36. h5 Rb4 37. d4 Kf8 38. h6 Kg8 39. Rg7+ Kf8
40. Rh7 Kg8 41. Re7 Rb3+ 42. Kf4 Rd3 43. Rxe6 Rxd4+ 44. Kg5 Rd1 45. Rxb6 Rg1+
46. Kf6 Rf1+ 47. Ke6 d4 48. Rb7 Rh1 49. Kd6 Rxh6+ 50. e6 d3 51. Rb4 d2 52. Rd4
Rh5 53. Rxd2 Kf8 54. Ra2 Rh1 55. Ra8+ Kg7 56. Ke7 Rb1 57. Ra7 Rb8 58. Rc7 Ra8
59. Rb7 Rc8 60. Kd7 Ra8 61. Rc7 Rb8 62. Ra7 Kf8 63. Rc7 Ra8 64. Rb7 Kg7 65. e7
Kf7 66. Rc7 Re8 67. Kd6 Ra8 68. Rb7 Re8 69. Ra7 Rb8 70. Kc7 Re8 71. Kd6 Rb8
1/2-1/2

[Event "European Blitz Championship 2021"]
[Site "Katowice"]
[Date "2021.12.17"]
[Round "21.29"]
[White "Kukula, Pawel"]
[Black "Spalir, Jernej"]
[Result "0-1"]
[WhiteElo "2191"]
[BlackElo "2368"]
[Annotator "NA"]
[PlyCount "66"]
[EventDate "2021.12.17"]
[EventType "swiss"]
[EventCountry "POL"]
[SourceTitle "playchess.com"]
[Source "ChessBase"]
[SourceQuality "1"]

1. d4 d5 2. Nf3 Nf6 3. e3 e6 4. Bd3 Bd6 5. Nbd2 O-O 6. O-O b6 7. Ne5 Ba6 8. c4
c5 9. f4 Bb7 10. b3 Ne4 11. Nxe4 dxe4 12. Be2 f6 13. Ng4 Nc6 14. d5 exd5 15.
Qxd5+ Kh8 16. Qh5 f5 17. Nf2 Be7 18. Bb2 Bf6 19. Bxf6 Qxf6 20. Rad1 Rad8 21.
Nh3 g6 22. Qh6 Qg7 23. Qh4 Kg8 24. g4 Ne7 25. Ng5 Bc8 26. Kf2 h6 27. Nh3 fxg4
28. Bxg4 Bxg4 29. Qxg4 Nf5 30. Qe2 Qc3 31. Ng1 Rd3 32. Rxd3 exd3 33. Qf3 Qc2+
0-1

[Event "European Blitz Championship 2021"]
[Site "Katowice"]
[Date "2021.12.17"]
[Round "21.29"]
[White "Warchol, Kamil"]
[Black "Mazurkiewicz, Michal"]
[Result "1-0"]
[WhiteElo "1706"]
[BlackElo "2067"]
[Annotator "NA"]
[PlyCount "51"]
[EventDate "2021.12.17"]
[EventType "swiss"]
[EventCountry "POL"]
[SourceTitle "playchess.com"]
[Source "ChessBase"]
[SourceQuality "1"]

1. e4 d6 2. d4 Nf6 3. Nc3 c6 4. f3 e5 5. Be3 Be7 6. Qd2 O-O 7. g4 b5 8. Nge2 b4
9. Nd1 c5 10. d5 a5 11. Ng3 Re8 12. h4 Nfd7 13. g5 Nb6 14. h5 N8d7 15. Bb5 Ba6
16. Bxa6 Rxa6 17. Qe2 Ra7 18. g6 Bh4 19. Qh2 Bg5 20. Nf5 Nf8 21. Bxg5 Qxg5 22.
Rg1 Qf4 23. gxh7+ Nxh7 24. Rxg7+ Kh8 25. Qg2 Qg5 26. Rxg5 1-0

[Event "European Blitz Championship 2021"]
[Site "Katowice"]
[Date "2021.12.17"]
[Round "21.30"]
[White "Czerw, Dawid"]
[Black "Diermair, Andreas"]
[Result "0-1"]
[WhiteElo "2075"]
[BlackElo "2357"]
[Annotator "NA"]
[PlyCount "78"]
[EventDate "2021.12.17"]
[EventType "swiss"]
[EventCountry "POL"]
[SourceTitle "playchess.com"]
[Source "ChessBase"]
[SourceQuality "1"]

1. d4 Nf6 2. c4 e6 3. g3 d5 4. Nf3 Bb4+ 5. Bd2 Bd6 6. Bg2 O-O 7. O-O Nbd7 8.
Qc2 c6 9. b4 b6 10. Bc3 Ne4 11. Nbd2 f5 12. a4 Ba6 13. b5 Bb7 14. a5 cxb5 15.
cxb5 Rc8 16. Nxe4 dxe4 17. Nd2 Bb4 18. Nb1 Qc7 19. Rc1 bxa5 20. Qb3 Bd5 21. Qb2
Nb6 22. Bd2 Nc4 23. Qc2 Qb6 24. Bxb4 axb4 25. Nd2 Qxd4 26. Nb3 Qb6 27. e3 Nd6
28. Qd2 Bxb3 29. Qxb4 Rxc1+ 30. Rxc1 Bd5 31. Bf1 h6 32. Qb2 a5 33. Qe5 a4 34.
Ra1 Ra8 35. g4 fxg4 36. h3 Nf7 37. Qf4 Qd6 38. Qxg4 Qe5 39. Bg2 Qxa1+ 0-1

[Event "European Blitz Championship 2021"]
[Site "Katowice"]
[Date "2021.12.17"]
[Round "21.30"]
[White "Kot, Jerzy"]
[Black "Sokolowski, Jacek"]
[Result "1-0"]
[WhiteElo "1783"]
[BlackElo "2043"]
[Annotator "NA"]
[PlyCount "79"]
[EventDate "2021.12.17"]
[EventType "swiss"]
[EventCountry "POL"]
[SourceTitle "playchess.com"]
[Source "ChessBase"]
[SourceQuality "1"]

1. g3 Nf6 2. Bg2 e6 3. e4 d5 4. e5 Nfd7 5. f4 c5 6. Nf3 Nc6 7. O-O Be7 8. c3 c4
9. b3 cxb3 10. axb3 O-O 11. d4 b6 12. Rf2 Qc7 13. Qc2 Bb7 14. f5 exf5 15. Qxf5
Nd8 16. Ng5 g6 17. Qh3 Bxg5 18. Bxg5 Ne6 19. Bh6 Rfe8 20. g4 Ndf8 21. Nd2 Ng7
22. Raf1 Nfe6 23. Bxg7 Nxg7 24. c4 dxc4 25. Rxf7 Re7 26. Rxe7 Qxe7 27. Nxc4
Bxg2 28. Qxg2 Rd8 29. d5 b5 30. d6 Qe6 31. Rf6 Qc8 32. Qd5+ Kh8 33. Qxb5 Ne6
34. Qd5 Re8 35. d7 Qd8 36. dxe8=Q+ Qxe8 37. Rxe6 Qf8 38. Rf6 Qe7 39. Rf7 Qg5
40. Qa8+ 1-0

[Event "European Blitz Championship 2021"]
[Site "Katowice"]
[Date "2021.12.17"]
[Round "22.1"]
[White "Duda, Jan-Krzysztof"]
[Black "Schneider, Ilja"]
[Result "0-1"]
[WhiteElo "2756"]
[BlackElo "2486"]
[Annotator "TA"]
[PlyCount "118"]
[EventDate "2021.12.17"]
[EventType "swiss"]
[EventCountry "POL"]
[SourceTitle "playchess.com"]
[Source "ChessBase"]
[SourceQuality "1"]

1. e4 Nc6 2. Nf3 f5 3. exf5 d5 4. Bb5 Bxf5 5. O-O e6 6. Nc3 Bd6 7. Re1 Nge7 8.
Nd4 O-O 9. Nxf5 Nxf5 10. Bxc6 bxc6 11. Qg4 Qf6 12. Rf1 Nd4 13. b3 Nxc2 14. Rb1
Nd4 15. Bb2 Qf4 16. Qxf4 Bxf4 17. Rbd1 Bd6 18. Rfe1 e5 19. Na4 Nc2 20. Re2 Nb4
21. Bxe5 Nxa2 22. Bxd6 cxd6 23. Re6 Rf6 24. Rxf6 gxf6 25. Kf1 Kf7 26. Ra1 Nb4
27. Nc3 a6 28. g3 c5 29. Ne2 Rb8 30. Nf4 d4 31. Ke2 d3+ 32. Kf3 d5 33. Rc1 Rb5
34. h4 Ke7 35. Re1+ Kf7 36. Re6 a5 37. Rd6 c4 38. bxc4 dxc4 39. Rd7+ Ke8 40.
Rxh7 Nd5 41. Ne6 a4 42. Ra7 c3 43. dxc3 d2 44. Ke2 Rb2 45. Nc7+ Nxc7 46. Rxc7
a3 47. h5 a2 48. Ra7 d1=Q+ 49. Kxd1 Rb1+ 50. Ke2 a1=Q 51. Rxa1 Rxa1 52. g4 Kf7
53. f3 Rc1 54. Kd2 Rh1 55. c4 Ke6 56. Kd3 Ke5 57. Ke3 Rc1 58. f4+ Ke6 59. Kd4
Rg1 0-1

[Event "European Blitz Championship 2021"]
[Site "Katowice"]
[Date "2021.12.17"]
[Round "22.2"]
[White "Demchenko, Anton"]
[Black "Klekowski, Maciej"]
[Result "1-0"]
[WhiteElo "2655"]
[BlackElo "2499"]
[Annotator "RC"]
[PlyCount "109"]
[EventDate "2021.12.17"]
[EventType "swiss"]
[EventCountry "POL"]
[SourceTitle "playchess.com"]
[Source "ChessBase"]
[SourceQuality "1"]

1. e4 c5 2. Nf3 Nc6 3. Bb5 g6 4. O-O Bg7 5. d3 e5 6. a3 Nge7 7. b4 d6 8. Bg5 f6
9. Be3 cxb4 10. axb4 O-O 11. Bxc6 bxc6 12. Rxa7 Rxa7 13. Bxa7 f5 14. Be3 h6 15.
Ne1 f4 16. Bc1 d5 17. Nd2 g5 18. Ba3 Rf7 19. Qb1 Ng6 20. c4 g4 21. b5 f3 22.
bxc6 Nf4 23. g3 Ne2+ 24. Kh1 h5 25. exd5 h4 26. Ne4 Bf5 27. d6 Bxe4 28. c7 Qg5
29. c8=Q+ Kh7 30. dxe4 hxg3 31. fxg3 Nxg3+ 32. hxg3 Qh5+ 33. Kg1 Qh3 34. Qc2
Qxg3+ 35. Ng2 Bh6 36. Bc1 Bxc1 37. Rxc1 f2+ 38. Kf1 Qh3 39. Qf5+ Rxf5 40. exf5
g3 41. Qe4 Qh1+ 42. Ke2 Qxc1 43. Qh4+ Kg8 44. Qxg3+ Kf8 45. Kxf2 Qd2+ 46. Kg1
Qxd6 47. Ne3 Qd4 48. Qf3 e4 49. Qf4 Qg7+ 50. Kf2 Qb2+ 51. Kg3 Qb1 52. f6 Kf7
53. Kg4 Qd3 54. Kf5 Qd4 55. Qc7+ 1-0

[Event "European Blitz Championship 2021"]
[Site "Katowice"]
[Date "2021.12.17"]
[Round "22.2"]
[White "Skawinski, Arkadiusz"]
[Black "Balacek, Tadeas"]
[Result "1/2-1/2"]
[WhiteElo "2184"]
[BlackElo "2312"]
[Annotator "NA"]
[PlyCount "137"]
[EventDate "2021.12.17"]
[EventType "swiss"]
[EventCountry "POL"]
[SourceTitle "playchess.com"]
[Source "ChessBase"]
[SourceQuality "1"]

1. e4 e6 2. d4 d5 3. e5 c5 4. c3 Nc6 5. Nf3 Bd7 6. a3 f6 7. Bd3 Qc7 8. O-O fxe5
9. Nxe5 Nxe5 10. dxe5 O-O-O 11. Qe2 c4 12. Bc2 Bc5 13. Nd2 Ne7 14. b3 cxb3 15.
Nxb3 Bb6 16. a4 a6 17. Ba3 Ng6 18. Bd6 Qc4 19. Qxc4+ dxc4 20. Nd2 Bc7 21. Nxc4
Nf4 22. Rfe1 Bc6 23. f3 g5 24. Be4 Bd5 25. Bxd5 Nxd5 26. Rac1 Rhg8 27. Re4 h5
28. Bxc7 Kxc7 29. Nd6 Rb8 30. Rc4+ Kd7 31. Rd4 Ke7 32. c4 Nb4 33. Rb1 a5 34.
Rbd1 Nc6 35. Re4 b6 36. Re2 g4 37. f4 g3 38. Red2 gxh2+ 39. Kxh2 Rbd8 40. Ne4
Rxd2 41. Rxd2 Nb4 42. Nf6 Rd8 43. Rxd8 Kxd8 44. Nxh5 Na6 45. Nf6 Nc5 46. g4 Ke7
47. g5 Kf7 48. Kg3 Nxa4 49. Ne4 Nc5 50. Nd6+ Kg6 51. Nb5 a4 52. Kg4 Ne4 53. Kf3
Nd2+ 54. Ke3 Nxc4+ 55. Kd4 a3 56. Nc3 Nd2 57. Kd3 Nb3 58. Kc4 Nd2+ 59. Kb5 Ne4
60. Na2 Kf5 61. Kxb6 Ng3 62. Kb5 Nh5 63. Kb4 Nxf4 64. Kxa3 Kxe5 65. Kb3 Kf5 66.
Nb4 Kxg5 67. Kc4 Kf5 68. Nc6 e5 69. Nxe5 1/2-1/2

[Event "European Blitz Championship 2021"]
[Site "Katowice"]
[Date "2021.12.17"]
[Round "22.3"]
[White "Kovalenko, Igor"]
[Black "Teclaf, Pawel"]
[Result "1-0"]
[WhiteElo "2668"]
[BlackElo "2543"]
[Annotator "RC"]
[PlyCount "113"]
[EventDate "2021.12.17"]
[EventType "swiss"]
[EventCountry "POL"]
[SourceTitle "playchess.com"]
[Source "ChessBase"]
[SourceQuality "1"]

1. d4 e6 2. Nf3 c5 3. e3 Nf6 4. Bd3 b6 5. O-O Bb7 6. c4 cxd4 7. exd4 Be7 8. Nc3
d5 9. cxd5 Nxd5 10. Ne5 O-O 11. Qg4 Bf6 12. Bh6 Nxc3 13. bxc3 Nd7 14. Rad1 Qe7
15. Rfe1 Rfd8 16. Nc4 Nf8 17. Bc1 Rac8 18. Bb2 Qc7 19. Ne3 Ng6 20. c4 Qf4 21.
Qxf4 Nxf4 22. Bf1 Rd7 23. Rd2 Rcd8 24. Red1 Ng6 25. Bc3 h5 26. a4 Be4 27. a5 h4
28. f3 Bg5 29. Kf2 Ba8 30. g3 hxg3+ 31. hxg3 Ne7 32. f4 Bf6 33. axb6 axb6 34.
Ng4 Nf5 35. Nxf6+ gxf6 36. d5 Kg7 37. Bh3 b5 38. Bxf5 exf5 39. cxb5 Rxd5 40.
Rxd5 Rxd5 41. Rxd5 Bxd5 42. Bb4 Kg6 43. Ke3 Kh5 44. Kd4 Ba8 45. Kc5 Kg4 46. Be1
Kf3 47. Kb6 Ke2 48. Ba5 Kf2 49. Ka7 Bd5 50. Bc7 Kxg3 51. b6 Kg4 52. b7 Bxb7 53.
Kxb7 Kh5 54. Kc6 Kg6 55. Kd7 Kg7 56. Ke7 Kg6 57. Kf8 1-0

[Event "European Blitz Championship 2021"]
[Site "Katowice"]
[Date "2021.12.17"]
[Round "22.3"]
[White "Cukrowski, Filip"]
[Black "Ustianovich, Nazar"]
[Result "1/2-1/2"]
[WhiteElo "2101"]
[BlackElo "2278"]
[Annotator "NA"]
[PlyCount "85"]
[EventDate "2021.12.17"]
[EventType "swiss"]
[EventCountry "POL"]
[SourceTitle "playchess.com"]
[Source "ChessBase"]
[SourceQuality "1"]

1. d4 d5 2. c4 c6 3. g3 Nf6 4. Bg2 Bf5 5. Nd2 e6 6. Ngf3 Nbd7 7. Nh4 Bg4 8. O-O
Be7 9. Re1 O-O 10. Qc2 Ne8 11. Nhf3 Nd6 12. e4 dxe4 13. Nxe4 Bf5 14. Nfd2 Nxe4
15. Nxe4 Nf6 16. Qb3 Bxe4 17. Bxe4 Qxd4 18. Bg2 Qb6 19. Be3 Qc7 20. Bf4 Qb6 21.
Be3 Qc7 22. Bf4 Qb6 23. Be3 Qc7 24. a4 b6 25. a5 Rab8 26. axb6 axb6 27. Red1
Bd6 28. Qa4 b5 29. Qa6 Be5 30. Rab1 bxc4 31. Qxc4 Nd5 32. Bc5 Rfd8 33. b4 Bd6
34. Bxd6 Qxd6 35. Rbc1 Rxb4 36. Qxc6 Qxc6 37. Rxc6 Rbb8 38. Bxd5 exd5 39. Rc5
d4 40. Rc4 d3 41. Rc3 d2 42. Rc2 g6 43. Rcxd2 1/2-1/2

[Event "European Blitz Championship 2021"]
[Site "Katowice"]
[Date "2021.12.17"]
[Round "22.4"]
[White "Motylev, Alexander"]
[Black "Dragnev, Valentin"]
[Result "0-1"]
[WhiteElo "2633"]
[BlackElo "2548"]
[Annotator "RC"]
[PlyCount "66"]
[EventDate "2021.12.17"]
[EventType "swiss"]
[EventCountry "POL"]
[SourceTitle "playchess.com"]
[Source "ChessBase"]
[SourceQuality "1"]

1. e4 d5 2. exd5 Qxd5 3. Nc3 Qa5 4. d4 Nf6 5. Nf3 Bf5 6. Bc4 c6 7. Bd2 Nbd7 8.
O-O e6 9. a4 Qc7 10. Ne2 Bd6 11. Ng3 Bg6 12. Re1 O-O 13. Nh4 Bf4 14. Nxg6 hxg6
15. Bf1 Rad8 16. Bxf4 Qxf4 17. c3 c5 18. Ne2 Qc7 19. Qc1 Rfe8 20. g3 cxd4 21.
Nxd4 Nc5 22. Qe3 a6 23. b4 Nce4 24. c4 e5 25. Nf3 Nd6 26. Qc5 Qxc5 27. bxc5
Nde4 28. c6 bxc6 29. Bg2 a5 30. Re2 Nd6 31. Rxe5 Nxc4 32. Rc5 Nd2 33. Rxa5 Nb3
0-1

[Event "European Blitz Championship 2021"]
[Site "Katowice"]
[Date "2021.12.17"]
[Round "22.4"]
[White "Krzywda, Andrzej"]
[Black "Kozak, Antoni"]
[Result "1-0"]
[WhiteElo "2100"]
[BlackElo "2272"]
[Annotator "NA"]
[PlyCount "99"]
[EventDate "2021.12.17"]
[EventType "swiss"]
[EventCountry "POL"]
[SourceTitle "playchess.com"]
[Source "ChessBase"]
[SourceQuality "1"]

1. e4 c6 2. d4 d5 3. exd5 cxd5 4. Bd3 Nc6 5. c3 Qc7 6. Ne2 Bg4 7. O-O e6 8. Qe1
Bxe2 9. Qxe2 Bd6 10. g3 h5 11. Nd2 Nge7 12. Nf3 O-O-O 13. Bd2 Kb8 14. b4 Rde8
15. a4 e5 16. dxe5 Nxe5 17. Nxe5 Bxe5 18. Qf3 h4 19. Rfe1 f6 20. a5 g5 21. a6
g4 22. Qg2 hxg3 23. hxg3 b6 24. Rac1 Rh3 25. Re3 Nc6 26. Bf5 Rg8 27. Bxg4 Rh7
28. Bf3 Rd8 29. Bxd5 Ne7 30. Be4 Rg7 31. Rd3 Rxd3 32. Bxd3 Bxg3 33. Kf1 Qd7 34.
Qe4 Be5 35. Bf4 Qc7 36. Bxe5 fxe5 37. Re1 Nc6 38. Qd5 Rd7 39. Qg8+ Rd8 40. Qg6
Qd7 41. Be4 Ne7 42. Qf7 Qh3+ 43. Bg2 Qd3+ 44. Kg1 Qd7 45. Qc4 Nc8 46. Qe4 Kc7
47. Qb7+ Kd6 48. Rd1+ Ke7 49. Rxd7+ Rxd7 50. Qxc8 1-0